|
|
|
|
| LEADER |
00000cam a22000004a 4500 |
| 001 |
musev2_81022 |
| 003 |
MdBmJHUP |
| 005 |
20230905052324.0 |
| 006 |
m o d |
| 007 |
cr||||||||nn|n |
| 008 |
990101s1981 xx o 00 0 und d |
| 020 |
|
|
|a 9780700630882
|
| 020 |
|
|
|z 9780700602124
|
| 035 |
|
|
|a (OCoLC)1227916133
|
| 040 |
|
|
|a MdBmJHUP
|c MdBmJHUP
|
| 100 |
1 |
|
|a Eitner, Walter H.
|
| 245 |
1 |
0 |
|a Walt Whitman's Western Jaunt
|
| 264 |
|
1 |
|a Lawrence
|b Regents Press of Kansas
|c 1981
|
| 264 |
|
3 |
|a Baltimore, Md. :
|b Project MUSE,
|c 2020
|
| 264 |
|
4 |
|c ©1981
|
| 300 |
|
|
|a 1 online resource (140 pages):
|b Illustrationen ;
|
| 336 |
|
|
|a text
|b txt
|2 rdacontent
|
| 337 |
|
|
|a computer
|b c
|2 rdamedia
|
| 338 |
|
|
|a online resource
|b cr
|2 rdacarrier
|
| 500 |
|
|
|a Includes index
|
| 506 |
0 |
|
|a Open Access
|f Unrestricted online access
|2 star
|
| 588 |
|
|
|a Description based on print version record.
|
| 600 |
1 |
7 |
|a Whitman, Walt
|d 1819-1892
|0 (DE-588)118807153
|2 gnd
|
| 651 |
|
7 |
|a Mittlerer Westen
|0 (DE-588)4074909-5
|2 gnd
|
| 655 |
|
7 |
|a Reisebericht 1879
|2 gnd
|
| 655 |
|
7 |
|a Electronic books.
|2 local
|
| 700 |
1 |
|
|a Whitman, Walt,
|e BeteiligteR.
|4 asn
|0 (DE-588)118807153
|
| 710 |
2 |
|
|a Project Muse.
|e distributor
|
| 830 |
|
0 |
|a Book collections on Project MUSE.
|
| 856 |
4 |
0 |
|z Texto completo
|u https://projectmuse.uam.elogim.com/book/81022/
|